Marka na literę T - Statystyki

Ogólne statystyki
  • Ten quiz został rozwiązany 104 razy
  • Średni wynik to 3 z 12
Statystyki odpowiedzi
Odpowiedź % Poprawnych
Toyota
64%
Tesla
53%
Tatra
25%
Tymbark
25%
Tesco
19%
T-mobile
19%
Tyskie
18%
Tchibo
12%
Tik Tok
10%
Twitch
7%
Tedi
5%
Tic Tac
4%
Nie znaleziono quizów pasujących do podanych kryteriów
Rozkład punktacji
Procent ludzi z każdym wynikiem
Percentyl według liczby udzielonych odpowiedzi
Twoja historia wyników
Nie rozwiązałeś tego quizu